LEADER 01007nam a2200253 i 4500 001 000000128882 003 CaOOAMICUS 005 20070704000000.0 008 070704s1964 it u000 u ita u 013 $a101615 040 $aSeMil$bita 100 1 $aDavy, Marie-Madeleine <1903-1998>.$0(OLS)http://semarc/name/12319 245 10$aSimone Weil /$cMarie Magdeleine Davy ; presentazione di Gabriel Marcel. 260 $aTorino :$bBorla,$c1964. 300 $a179 p. ;$c19 cm. 490 0 $aScrittori del Secolo ;$v7 600 14$aWeil, Simone <1909-1943>.$0(OLS)http://semarc/subject/8687 700 1 $aMarcel, Gabriel,$d<1889-1973>.$0(OLS)http://semarc/name/8895 830 0$aScrittori del Secolo ;$v7.$0(OLS)http://semarc/title/10418 850 $aSeMil 852 $aSeMil$W1$xVenegono$y1$m1R I 116$j247257$B83053$CSeMilBibl$Z2$F124764 $81 961 $aRecupero: Altro 996 $6245$aSimone Weil$9(OLS)http://semarc/title/190431 996 $6260$aTorino :$bBorla$9(OLS)http://semarc/publisher/29913 LEADER 01041nam a2200229 i 4500 001 000000076227 003 CaOOAMICUS 005 20100701000000.0 008 100701s1961 it u000 u ita u 013 $a47399 040 $aSeMil$bita 100 1 $aGentile, Giovanni,$d<1875-1944>.$0(OLS)http://semarc/name/1189 245 12$aI fondamenti della filosofia del diritto /$cGiovanni Gentile. 250 $a3. ed. riveduta e accresciuta. 260 $aFirenze :$bSansoni,$cstampa 1961. 300 $a145 p. ;$c22 cm. 650 4$aFilosofia del diritto.$0(OLS)http://semarc/subject/2001 773 0 $aGentile, Giovanni <1875-1944>$tOpere complete di Giovanni Gentile.$dFirenze : Sansoni : [poi]... Firenze : Le Lettere, 1955.$kOpere complete di Giovanni Gentile$g4$w()1334 850 $aSeMil 852 $aSeMil$W1$xVenegono$y1$m2O II 304$j42379$B42379$CSeMilBibl$Z2$F42383 $81 996 $6245$aI fondamenti della filosofia del diritto$9(OLS)http://semarc/title/123540 996 $6260$aFirenze :$bSansoni$9(OLS)http://semarc/publisher/29843